[Event "Ciutat de Barcelona"]
[Site "Barcelona"]
[Date "2010.11.04"]
[Round "1.1"]
[White "Edouard, Romain"]
[Black "Inarkiev, Ernesto"]
[Result "0-1"]
[WhiteElo "2636"]
[BlackElo "2667"]
[PlyCount "96"]
[EventDate "2010.11.04"]
[EventType "tourn"]
[EventRounds "9"]
[EventCountry "ESP"]
[EventCategory "14"]
[Source "lmi"]
[SourceDate "2010.11.04"]

1. d4 d5 2. c4 c6 3. Nf3 Nf6 4. Nc3 dxc4 5. a4 e6 6. e4 Bb4 7. Bg5 Qa5 8. Bd2
c5 9. Bxc4 cxd4 10. Nxd4 O-O 11. Qe2 Nbd7 12. O-O Ne5 13. Ba2 Bd7 14. Nc2 Rfd8
15. Nxb4 Qxb4 16. f4 Nc6 17. e5 Nd4 18. Qd3 Bc6 19. exf6 Nf3+ 20. Rxf3 Rxd3 21.
Rxd3 Qb6+ 22. Kf1 Rd8 23. Rxd8+ Qxd8 24. Rd1 Qd3+ 25. Kf2 Qg6 26. Ke3 Qxg2 27.
Kd3 Qg6+ 28. Ke3 Qh5 29. Be1 Qf3+ 30. Kd2 Qxf4+ 31. Kc2 Qxf6 32. Bc4 h5 33. h4
g5 34. hxg5 Qxg5 35. Kb3 h4 36. Bf2 h3 37. Rg1 Bg2 38. Bf1 a6 39. Ba7 f5 40.
Kc2 Kf7 41. Bxg2 h2 42. Bxb7 hxg1=Q 43. Bxg1 Qxg1 44. Bxa6 Qf2+ 45. Kb3 f4 46.
Bb5 Qb6 47. Kc4 f3 48. Kd3 Qg1 0-1

[Event "Ciutat de Barcelona"]
[Site "Barcelona"]
[Date "2010.11.05"]
[Round "2.4"]
[White "Oms Pallise, Josep"]
[Black "Alsina Leal, Daniel"]
[Result "1/2-1/2"]
[WhiteElo "2528"]
[BlackElo "2527"]
[PlyCount "67"]
[EventDate "2010.11.04"]
[EventType "tourn"]
[EventRounds "9"]
[EventCountry "ESP"]
[EventCategory "14"]
[Source "lmi"]
[SourceDate "2010.11.04"]

1. d4 Nf6 2. c4 c5 3. d5 b5 4. cxb5 a6 5. bxa6 g6 6. Nc3 Bxa6 7. e4 Bxf1 8.
Kxf1 d6 9. g3 Bg7 10. Kg2 O-O 11. Nge2 Nbd7 12. Qc2 Ra6 13. Rd1 Qa8 14. Rb1 e6
15. Nf4 exd5 16. Nfxd5 Nxd5 17. Nxd5 Rxa2 18. Ne7+ Kh8 19. Rxd6 Ne5 20. Rd5 f5
21. Bf4 Ng4 22. f3 Nf6 23. Rxc5 fxe4 24. fxe4 Nxe4 25. Rc8 Rxc8 26. Qxc8+ Qxc8
27. Nxc8 Rxb2+ 28. Rxb2 Bxb2 29. Nd6 Nxd6 30. Bxd6 Bc3 31. Bf4 Bb2 32. Bd6 Bc3
33. Bf4 Bb2 34. Bd6 1/2-1/2

[Event "Ciutat de Barcelona"]
[Site "Barcelona"]
[Date "2010.11.05"]
[Round "2.5"]
[White "Edouard, Romain"]
[Black "Hess, Robert L"]
[Result "1-0"]
[WhiteElo "2636"]
[BlackElo "2602"]
[PlyCount "83"]
[EventDate "2010.11.04"]
[EventType "tourn"]
[EventRounds "9"]
[EventCountry "ESP"]
[EventCategory "14"]
[Source "lmi"]
[SourceDate "2010.11.04"]

1. c4 Nf6 2. Nc3 e6 3. e4 c5 4. Nf3 Nc6 5. Be2 Bd6 6. O-O O-O 7. h3 a6 8. Re1
Qc7 9. Bf1 Nd4 10. Nxd4 cxd4 11. Nb1 b5 12. cxb5 axb5 13. Bxb5 Bb7 14. d3 Rfb8
15. Qe2 Be5 16. Kh1 Qc5 17. a4 Bc7 18. Nd2 e5 19. b3 d5 20. Ba3 Qb6 21. Be7 Qe6
22. Bxf6 Qxf6 23. exd5 Bxd5 24. Bc4 Bxc4 25. bxc4 Qf4 26. Nf3 Ra5 27. g3 Qh6
28. Kh2 Qc6 29. Reb1 Rxb1 30. Rxb1 Qxa4 31. Qe4 Qc2 32. Rf1 h6 33. Kg2 Qb3 34.
Qc6 Qb8 35. Re1 Kh7 36. Qd7 f6 37. Re4 Bd6 38. Qf5+ Kh8 39. Nxd4 Ra2 40. Ne6
Qa7 41. d4 Qb7 42. d5 1-0

[Event "Ciutat de Barcelona"]
[Site "Barcelona"]
[Date "2010.11.06"]
[Round "3.2"]
[White "Alsina Leal, Daniel"]
[Black "Edouard, Romain"]
[Result "1/2-1/2"]
[WhiteElo "2527"]
[BlackElo "2636"]
[PlyCount "118"]
[EventDate "2010.11.04"]
[EventType "tourn"]
[EventRounds "9"]
[EventCountry "ESP"]
[EventCategory "14"]
[Source "lmi"]
[SourceDate "2010.11.04"]

1. e4 c5 2. Nf3 d6 3. d4 cxd4 4. Nxd4 Nf6 5. Nc3 a6 6. Bg5 e6 7. f4 Qc7 8. Bxf6
gxf6 9. Qd2 b5 10. Bd3 Bb7 11. O-O-O Nd7 12. Kb1 Qb6 13. Qe3 O-O-O 14. Rhe1 h5
15. f5 Bh6 16. Qg1 e5 17. Nb3 Qxg1 18. Rxg1 Nb6 19. Na5 Ba8 20. Nd5 Nxd5 21.
exd5 Be3 22. Rge1 Bf2 23. Rf1 Bb6 24. Nc6 Bxc6 25. dxc6 d5 26. a4 Rhg8 27. g3
e4 28. Be2 h4 29. axb5 axb5 30. Bxb5 hxg3 31. hxg3 Rxg3 32. Rh1 d4 33. Rh7 Rf8
34. Rh6 Kc7 35. Rxf6 Rh3 36. Bc4 d3 37. cxd3 Bd4 38. Rxf7+ Rxf7 39. Bxf7 e3 40.
Re1 Rh2 41. Ka2 Kxc6 42. Kb3 Kd6 43. Kc4 Ke5 44. b4 Rc2+ 45. Kb5 Kxf5 46. Bh5
Kg5 47. Re2 Rc1 48. Bf3 Kf4 49. Bd5 Bc3 50. d4 Bd2 51. Bc4 Rb1 52. d5 Ke5 53.
Rh2 Rxb4+ 54. Kc5 Rb8 55. Rh5+ Ke4 56. Rh4+ Kf3 57. Rh3+ Kg2 58. Rh6 Rc8+ 59.
Rc6 Rxc6+ 1/2-1/2

[Event "Ciutat de Barcelona"]
[Site "Barcelona"]
[Date "2010.11.07"]
[Round "4.4"]
[White "Edouard, Romain"]
[Black "Magem Badals, Jordi"]
[Result "1-0"]
[WhiteElo "2636"]
[BlackElo "2593"]
[PlyCount "45"]
[EventDate "2010.11.04"]
[EventType "tourn"]
[EventRounds "9"]
[EventCountry "ESP"]
[EventCategory "14"]
[Source "lmi"]
[SourceDate "2010.11.04"]

1. d4 d5 2. c4 e6 3. Nf3 Nf6 4. Nc3 dxc4 5. e4 Bb4 6. Bg5 h6 7. Bxf6 Qxf6 8. e5
Qd8 9. Qa4+ Nc6 10. Bxc4 Bd7 11. Qc2 Na5 12. Be2 c5 13. dxc5 Rc8 14. a3 Bxc5
15. O-O Be7 16. Rfd1 Qc7 17. Qd3 Nc4 18. Qd4 Nb6 19. Ne4 O-O 20. Nf6+ Kh8 21.
Nxd7 Rcd8 22. Bb5 Nxd7 23. Bxd7 1-0

[Event "Ciutat de Barcelona"]
[Site "Barcelona"]
[Date "2010.11.07"]
[Round "4.5"]
[White "Hess, Robert L"]
[Black "Alsina Leal, Daniel"]
[Result "0-1"]
[WhiteElo "2602"]
[BlackElo "2527"]
[PlyCount "158"]
[EventDate "2010.11.04"]
[EventType "tourn"]
[EventRounds "9"]
[EventCountry "ESP"]
[EventCategory "14"]
[Source "lmi"]
[SourceDate "2010.11.04"]

1. c4 e5 2. Nc3 Nf6 3. Nf3 Nc6 4. g3 d5 5. cxd5 Nxd5 6. Bg2 Nb6 7. O-O Be7 8.
Rb1 a5 9. d3 O-O 10. Be3 Be6 11. Bxb6 cxb6 12. Nd2 b5 13. b3 b4 14. Na4 Rc8 15.
Rc1 Nd4 16. Rxc8 Bxc8 17. e3 Ne6 18. Qc2 b5 19. Nb2 Bd7 20. Rc1 Qb8 21. Qd1 Rc8
22. Rc2 g6 23. Qc1 Rxc2 24. Qxc2 f5 25. Nd1 Qd6 26. Nf3 Bf6 27. Ne1 Kg7 28. Nb2
h5 29. Nd1 h4 30. Nf3 hxg3 31. hxg3 Nc5 32. Ne1 a4 33. bxa4 bxa4 34. Qc4 b3 35.
axb3 axb3 36. Qb4 Be6 37. Nc3 Bf7 38. Qb5 Na6 39. Qb7 Qb4 40. Qc6 b2 41. Nc2
b1=Q+ 42. Nxb1 Qxb1+ 43. Kh2 Nb4 44. Nxb4 Qxb4 45. Bd5 Bxd5 46. Qxd5 Qe7 47.
Kg2 Qd8 48. Qb7+ Kh6 49. Qf7 Bg7 50. Qc4 Kh7 51. Kh2 Qg5 52. Kh3 Qh5+ 53. Kg2
Qg4 54. Qe6 Qg5 55. Qd5 Kh6 56. Qf3 f4 57. exf4 exf4 58. g4 Qe5 59. Kh3 Kg5 60.
Qb7 Kh6 61. Qf3 Qd4 62. Kh4 Bf6+ 63. Kh3 Be7 64. Qe2 Bc5 65. Qe8 Qxd3+ 66. Kh2
Qd4 67. Kh3 Qc3+ 68. Kg2 Qf6 69. Qc8 Bd4 70. Qd7 Be5 71. Kh3 Qd6 72. Qb5 Qd4
73. Qe8 Qd3+ 74. Kh2 Qd6 75. Kh3 Bf6 76. Qf7 Kg5 77. Qb3 Qe5 78. Qb7 Qc3+ 79.
Kg2 Kxg4 0-1

[Event "Ciutat de Barcelona"]
[Site "Barcelona"]
[Date "2010.11.08"]
[Round "5.2"]
[White "Magem Badals, Jordi"]
[Black "Hess, Robert L"]
[Result "0-1"]
[WhiteElo "2593"]
[BlackElo "2602"]
[PlyCount "90"]
[EventDate "2010.11.04"]
[EventType "tourn"]
[EventRounds "9"]
[EventCountry "ESP"]
[EventCategory "14"]
[Source "lmi"]
[SourceDate "2010.11.04"]

1. e4 c5 2. Nf3 Nc6 3. d4 cxd4 4. Nxd4 e5 5. Nb3 Be7 6. Bc4 Nf6 7. Nc3 O-O 8.
O-O a6 9. a4 d6 10. Re1 Nb4 11. Be3 Qc7 12. Nd2 Bg4 13. Qb1 Rac8 14. a5 Bd7 15.
Na4 d5 16. exd5 Bf5 17. Nb6 Nxc2 18. Nxc8 Qxc8 19. Qa2 Bb4 20. b3 Ng4 21. Re2
Ngxe3 22. fxe3 Nxa1 23. Qxa1 Qc7 24. Nf3 e4 25. Nd4 Bg4 26. Ra2 Bd6 27. h3 Bc8
28. Rf2 g6 29. Ne2 Be5 30. Qb1 Qe7 31. b4 Bb8 32. Nf4 Bf5 33. Qb3 Qd6 34. Kf1
Rc8 35. Rc2 Qf6 36. Be2 Qa1+ 37. Kf2 Rxc2 38. Qxc2 Bxf4 39. g4 Bxe3+ 40. Kxe3
Qg1+ 41. Kf4 Qf2+ 42. Ke5 f6+ 43. Kxf6 Qd4+ 44. Kg5 h6+ 45. Kxh6 Qe3+ 0-1

[Event "Ciutat de Barcelona"]
[Site "Barcelona"]
[Date "2010.11.10"]
[Round "7.1"]
[White "Magem Badals, Jordi"]
[Black "Inarkiev, Ernesto"]
[Result "0-1"]
[WhiteElo "2593"]
[BlackElo "2667"]
[PlyCount "82"]
[EventDate "2010.11.04"]
[EventType "tourn"]
[EventRounds "9"]
[EventCountry "ESP"]
[EventCategory "14"]
[Source "lmi"]
[SourceDate "2010.11.04"]

1. e4 c5 2. Nf3 d6 3. d4 Nf6 4. Nc3 cxd4 5. Qxd4 Nc6 6. Bb5 Nd7 7. Qa4 g6 8.
Bxc6 bxc6 9. Qxc6 Rb8 10. Be3 Bg7 11. Bd4 Bxd4 12. Nxd4 Rxb2 13. O-O O-O 14.
Nd5 Nb6 15. Qc3 Na4 16. Qxc8 Qxc8 17. Nxe7+ Kg7 18. Nxc8 Rxc8 19. Rfb1 Rcb8 20.
Rxb2 Rxb2 21. a3 Kf6 22. f3 d5 23. exd5 Ke5 24. Nc6+ Kxd5 25. Nxa7 Nc3 26. a4
Rxc2 27. a5 Ne2+ 28. Kh1 Nd4 29. Rd1 Ke5 30. h3 f5 31. Rb1 Rc5 32. a6 Kf4 33.
Kh2 Rc2 34. Rb4 Ke3 35. Nb5 Nxf3+ 36. Kg3 f4+ 37. Rxf4 Ne1 38. a7 Rxg2+ 39. Kh4
Kxf4 40. a8=Q Nf3+ 41. Qxf3+ Kxf3 0-1

[Event "Ciutat de Barcelona"]
[Site "Barcelona"]
[Date "2010.11.10"]
[Round "7.2"]
[White "Salgado Lopez, Ivan"]
[Black "Alsina Leal, Daniel"]
[Result "1-0"]
[WhiteElo "2602"]
[BlackElo "2527"]
[PlyCount "79"]
[EventDate "2010.11.04"]
[EventType "tourn"]
[EventRounds "9"]
[EventCountry "ESP"]
[EventCategory "14"]
[Source "lmi"]
[SourceDate "2010.11.04"]

1. e4 c6 2. d4 d5 3. e5 Bf5 4. Nf3 e6 5. Be2 Ne7 6. O-O Nd7 7. Nbd2 Nc8 8. b3
Be7 9. Bb2 O-O 10. c4 a5 11. a4 Ncb6 12. c5 Nc8 13. Qc1 f6 14. exf6 Bxf6 15.
Re1 b6 16. cxb6 Qxb6 17. Nf1 Na7 18. Ng3 Bg6 19. h4 h6 20. Qe3 Rfe8 21. Bd3
Bxd3 22. Qxd3 Nf8 23. Rac1 Qd8 24. Qa6 Be7 25. Re3 Bb4 26. Qe2 Rc8 27. Nh5 Rc7
28. Bc3 Bxc3 29. Rcxc3 Qb8 30. Ne5 Qb4 31. Rg3 Ree7 32. Qg4 Nh7 33. Rcf3 Qb8
34. Nf6+ Nxf6 35. Rxf6 Kh7 36. Rxh6+ gxh6 37. Qg6+ Kh8 38. Qxh6+ Rh7 39. Ng6+
Kg8 40. Ne7+ 1-0

[Event "Ciutat de Barcelona"]
[Site "Barcelona"]
[Date "2010.11.10"]
[Round "7.3"]
[White "Bruzon Batista, Lazaro"]
[Black "Hess, Robert L"]
[Result "1-0"]
[WhiteElo "2668"]
[BlackElo "2602"]
[PlyCount "79"]
[EventDate "2010.11.04"]
[EventType "tourn"]
[EventRounds "9"]
[EventCountry "ESP"]
[EventCategory "14"]
[Source "lmi"]
[SourceDate "2010.11.04"]

1. d4 Nf6 2. c4 e6 3. Nc3 Bb4 4. e3 c5 5. Nge2 cxd4 6. exd4 O-O 7. a3 Be7 8.
Nf4 d5 9. cxd5 Nxd5 10. Ncxd5 exd5 11. Bd3 Bf6 12. O-O Nc6 13. Be3 g6 14. Bc2
Qd6 15. g3 Bg7 16. Rc1 Ne7 17. Re1 h5 18. Bb3 Bg4 19. f3 Bd7 20. Nxh5 gxh5 21.
Bf4 Qb6 22. Rxe7 Be6 23. Rc5 Bf6 24. Rec7 Bh3 25. Qd3 Qa6 26. Qxa6 bxa6 27.
Rxd5 Rab8 28. Bc2 Rfc8 29. Rxc8+ Rxc8 30. Bd3 Rc6 31. Be3 h4 32. g4 Rb6 33. b4
Rc6 34. Rc5 Rd6 35. Rc4 Bd8 36. Kf2 Bb6 37. a4 a5 38. b5 Rd8 39. Be4 Re8 40. d5
1-0

[Event "Ciutat de Barcelona"]
[Site "Barcelona"]
[Date "2010.11.10"]
[Round "7.4"]
[White "Cuartas, Jaime Alexander"]
[Black "Edouard, Romain"]
[Result "1/2-1/2"]
[WhiteElo "2534"]
[BlackElo "2636"]
[PlyCount "143"]
[EventDate "2010.11.04"]
[EventType "tourn"]
[EventRounds "9"]
[EventCountry "ESP"]
[EventCategory "14"]
[Source "lmi"]
[SourceDate "2010.11.04"]

1. e4 c5 2. Nf3 d6 3. d4 cxd4 4. Nxd4 Nf6 5. Nc3 a6 6. Bg5 e6 7. f4 Qc7 8. Bxf6
gxf6 9. Qd2 b5 10. Be2 h5 11. O-O Nc6 12. Kh1 Bb7 13. Bf3 h4 14. h3 Qb6 15.
Nxc6 Bxc6 16. a4 b4 17. Ne2 Rd8 18. Nd4 Bb7 19. c4 Bh6 20. Ne2 Qc5 21. b3 a5
22. Rad1 Kf8 23. Qe1 Bg7 24. Nd4 Ke7 25. Nf5+ Kf8 26. Nxg7 Kxg7 27. e5 Bxf3 28.
exf6+ Kxf6 29. Rxf3 Qf5 30. Rfd3 Kg7 31. Qe3 Rh6 32. Rxd6 Rxd6 33. Rxd6 Rg6 34.
Qd4+ Qf6 35. f5 Qxd4 36. Rxd4 exf5 37. Rd5 Rg3 38. Rxa5 Rxb3 39. Rb5 Rb1+ 40.
Kh2 Kf6 41. a5 Ke6 42. a6 Ra1 43. Rb6+ Ke5 44. c5 b3 45. c6 Kd6 46. Rxb3 Rxa6
47. Rd3+ Kxc6 48. Rd4 Ra5 49. Rxh4 Kd6 50. Rh8 Ke5 51. Rb8 Kf6 52. Rb6+ Kg5 53.
Rb8 Kf6 54. h4 Ra4 55. Rb6+ Kg7 56. Kg3 Ra3+ 57. Kh2 Ra4 58. g3 Ra2+ 59. Kh3
Ra3 60. Kg2 f6 61. Rb4 Kg6 62. Rf4 Ra2+ 63. Rf2 Ra3 64. Rf3 Ra2+ 65. Kh3 Rb2
66. Ra3 Rc2 67. Ra8 Rb2 68. Rg8+ Kf7 69. Ra8 Kg6 70. Rg8+ Kf7 71. Ra8 Kg6 72.
Rg8+ 1/2-1/2

[Event "Ciutat de Barcelona"]
[Site "Barcelona"]
[Date "2010.11.11"]
[Round "8.4"]
[White "Alsina Leal, Daniel"]
[Black "Bruzon Batista, Lazaro"]
[Result "1/2-1/2"]
[WhiteElo "2527"]
[BlackElo "2668"]
[PlyCount "111"]
[EventDate "2010.11.04"]
[EventType "tourn"]
[EventRounds "9"]
[EventCountry "ESP"]
[EventCategory "14"]
[Source "lmi"]
[SourceDate "2010.11.04"]

1. e4 e5 2. Nf3 Nc6 3. Bb5 a6 4. Bxc6 dxc6 5. O-O f6 6. d4 exd4 7. Nxd4 c5 8.
Ne2 Qxd1 9. Rxd1 Bd7 10. Nbc3 O-O-O 11. Be3 Re8 12. f3 Bc6 13. Kf2 b6 14. a4
Kb7 15. a5 b5 16. Nd5 Bd6 17. Bf4 Be5 18. Bxe5 fxe5 19. b3 Bxd5 20. Rxd5 Kc6
21. Nc3 Nf6 22. Rd2 Rd8 23. Rad1 Rd4 24. Ne2 Rd6 25. Ng3 g6 26. Nf1 Rf8 27. Ke2
Nh5 28. Ne3 Nf4+ 29. Ke1 Rfd8 30. g3 Rxd2 31. Rxd2 Rxd2 32. Kxd2 Ne6 33. Kd3
Kd6 34. Ng4 h5 35. Nf6 c6 36. h4 Nd4 37. f4 exf4 38. gxf4 Nf3 39. e5+ Ke7 40.
Ne4 Nxh4 41. Nxc5 Ng2 42. Nxa6 h4 43. Ke2 Nxf4+ 44. Kf3 Ne6 45. Kg4 c5 46. c3
g5 47. b4 cxb4 48. cxb4 Nd4 49. Nc5 Nc6 50. a6 Nxe5+ 51. Kxg5 Nc6 52. Kxh4 Kd6
53. Kg3 Kc7 54. Nd3 Kb6 55. Kf4 Kxa6 56. Ke4 1/2-1/2

[Event "Ciutat de Barcelona"]
[Site "Barcelona"]
[Date "2010.11.11"]
[Round "8.5"]
[White "Magem Badals, Jordi"]
[Black "Salgado Lopez, Ivan"]
[Result "1/2-1/2"]
[WhiteElo "2593"]
[BlackElo "2602"]
[PlyCount "120"]
[EventDate "2010.11.04"]
[EventType "tourn"]
[EventRounds "9"]
[EventCountry "ESP"]
[EventCategory "14"]
[Source "lmi"]
[SourceDate "2010.11.04"]

1. e4 c5 2. Nf3 e6 3. d4 cxd4 4. Nxd4 Nf6 5. Nc3 d6 6. g4 a6 7. g5 Nfd7 8. h4
b5 9. a3 Bb7 10. Be3 Be7 11. f4 Nc6 12. Bg2 O-O 13. Nde2 Re8 14. O-O Bf8 15.
Qd2 Qc7 16. Rad1 Rad8 17. f5 Nce5 18. fxe6 fxe6 19. b3 Ng4 20. Bd4 d5 21. Rf4
Nh2 22. e5 Nxe5 23. Bxe5 Qxe5 24. Kxh2 Bc5 25. Qe1 Bxa3 26. Qg3 Bd6 27. Rd3 Rc8
28. Qe3 Rf8 29. Bh3 Kh8 30. Bxe6 Rce8 31. Qxe5 Bxe5 32. Bxd5 Rxf4 33. Nxf4
Bxf4+ 34. Kg2 Bc8 35. Bc6 Rf8 36. Rf3 Bd6 37. Rxf8+ Bxf8 38. Kf3 g6 39. Nd5 Kg7
40. Nb6 Bf5 41. c4 bxc4 42. Nxc4 Bb4 43. Bd5 a5 44. Ne3 Bd3 45. Ng2 Bd2 46. Nf4
Bc2 47. Ne6+ Kh8 48. Nd4 Bd1+ 49. Kf2 Bc3 50. Nf3 Kg7 51. Kg3 Bc2 52. Kf4 h6
53. Kg3 hxg5 54. hxg5 Kf8 55. Kf4 Ke7 56. Ke3 Kd6 57. Be4 Bxb3 58. Bxg6 Bg7 59.
Nd4 Bxd4+ 60. Kxd4 a4 1/2-1/2

[Event "Ciutat de Barcelona"]
[Site "Barcelona"]
[Date "2010.11.12"]
[Round "9.1"]
[White "Salgado Lopez, Ivan"]
[Black "Inarkiev, Ernesto"]
[Result "1/2-1/2"]
[WhiteElo "2602"]
[BlackElo "2671"]
[PlyCount "97"]
[EventDate "2010.11.04"]
[EventType "tourn"]
[EventRounds "9"]
[EventCountry "ESP"]
[EventCategory "14"]
[Source "lmi"]
[SourceDate "2010.11.04"]

1. e4 e5 2. Nf3 Nc6 3. Bb5 a6 4. Ba4 Nf6 5. Qe2 b5 6. Bb3 Bc5 7. O-O O-O 8. d3
Re8 9. c3 h6 10. Nbd2 d6 11. a4 Rb8 12. axb5 axb5 13. Bc2 Bb6 14. Nb3 Ne7 15.
d4 Ng6 16. dxe5 Nxe5 17. Nxe5 Rxe5 18. Bf4 Re7 19. Qf3 Bg4 20. Qg3 Be2 21. Bxh6
Nh5 22. Qh4 Bxf1 23. Bg5 f6 24. Rxf1 fxg5 25. Qxh5 Re6 26. Nd4 Rh6 27. Qe2 Qe8
28. Nf5 Rh7 29. e5 g6 30. Ng3 Qxe5 31. Bxg6 Rh6 32. Qxe5 dxe5 33. Bc2 Kf7 34.
Ne4 g4 35. Rd1 Ke7 36. Ng3 Rf6 37. Ne4 Rh6 38. Ng3 Rf6 39. Ne4 Rf4 40. g3 Rf5
41. Rd2 c6 42. Bd1 Rg8 43. b4 Rff8 44. Ra2 Rd8 45. Bb3 Rg7 46. Ra6 Rb8 47. Kg2
Kd7 48. Bd1 Kc7 49. Ra1 1/2-1/2

[Event "Ciutat de Barcelona"]
[Site "Barcelona"]
[Date "2010.11.12"]
[Round "9.2"]
[White "Bruzon Batista, Lazaro"]
[Black "Magem Badals, Jordi"]
[Result "1-0"]
[WhiteElo "2668"]
[BlackElo "2593"]
[PlyCount "130"]
[EventDate "2010.11.04"]
[EventType "tourn"]
[EventRounds "9"]
[EventCountry "ESP"]
[EventCategory "14"]
[Source "lmi"]
[SourceDate "2010.11.04"]

1. e4 d6 2. d4 Nf6 3. f3 e5 4. Ne2 Be7 5. c4 O-O 6. Nbc3 c6 7. Be3 Nbd7 8. d5
cxd5 9. cxd5 Nh5 10. Qd2 g6 11. O-O-O f5 12. Kb1 f4 13. Bf2 a6 14. Nc1 Bh4 15.
Bg1 g5 16. Nd3 Ndf6 17. Na4 Nd7 18. Be2 b5 19. Nc3 Ndf6 20. Nb4 Bd7 21. Nc6 Qe8
22. a4 bxa4 23. Nxa4 Bxc6 24. dxc6 Qxc6 25. Nb6 Rad8 26. Bxa6 Kh8 27. Rc1 Qe8
28. Bc4 g4 29. Nd5 Nxd5 30. Bxd5 gxf3 31. gxf3 Nf6 32. Bb6 Rc8 33. Rxc8 Qxc8
34. Rc1 Qa6 35. Bc7 Nxd5 36. Qxd5 Be7 37. Ba5 Rb8 38. Bc3 Rg8 39. Bb4 Rb8 40.
Ba3 Qb7 41. Qe6 Bf8 42. Rg1 Bg7 43. Qxd6 Qb3 44. Rc1 Bf8 45. Qf6+ Bg7 46. Qa6
h6 47. Qe2 Kh7 48. Ka1 Rd8 49. Rg1 Ra8 50. Qd1 Rxa3+ 51. bxa3 Qxa3+ 52. Kb1
Qb4+ 53. Ka2 Qa5+ 54. Kb2 Qb4+ 55. Ka2 Qa5+ 56. Kb3 Qb5+ 57. Kc3 Qc5+ 58. Kd3
Qb5+ 59. Kd2 Bf8 60. Qc2 Qb6 61. Rf1 Bb4+ 62. Kc1 Qe3+ 63. Kb2 Bc3+ 64. Ka2
Qa7+ 65. Kb3 Qa5 1-0

[Event "Ciutat de Barcelona"]
[Site "Barcelona"]
[Date "2010.11.12"]
[Round "9.5"]
[White "Oms Pallise, Josep"]
[Black "Edouard, Romain"]
[Result "0-1"]
[WhiteElo "2528"]
[BlackElo "2636"]
[PlyCount "124"]
[EventDate "2010.11.04"]
[EventType "tourn"]
[EventRounds "9"]
[EventCountry "ESP"]
[EventCategory "14"]
[Source "lmi"]
[SourceDate "2010.11.04"]

1. d4 Nf6 2. c4 g6 3. Nc3 d5 4. Bf4 Bg7 5. e3 O-O 6. Rc1 c5 7. dxc5 Na6 8. cxd5
Nxc5 9. Be5 Qa5 10. Nf3 Rd8 11. d6 Nce4 12. Qa4 Qxa4 13. Nxa4 exd6 14. Bxf6
Bxf6 15. Nd4 Bxd4 16. exd4 Bd7 17. Nc3 Re8 18. Ne2 a5 19. f3 Nf6 20. Kd2 Ra6
21. Nc3 Rb6 22. Nd1 Nd5 23. b3 a4 24. Bc4 Nf4 25. Nc3 axb3 26. axb3 Kg7 27. Nd5
Nxd5 28. Bxd5 Rb5 29. Bc4 Rg5 30. g3 Bc6 31. Rhf1 Ra8 32. Ke3 Rga5 33. Rf2 Re8+
34. Kd2 Ra2+ 35. Rc2 Ra3 36. Kc3 Ra1 37. Rce2 Rc8 38. Kb4 Rd1 39. Rd2 Rb1 40.
Rb2 Rh1 41. Ka5 Rd1 42. Rbd2 Rb1 43. d5 Bd7 44. Rb2 Rxb2 45. Rxb2 b5 46. Bd3
Rc5 47. Be4 f5 48. b4 Rc3 49. Rc2 Ra3+ 50. Kb6 fxe4 51. Rc7 exf3 52. Rxd7+ Kf6
53. Rxd6+ Ke5 54. Rd8 f2 55. Rf8 Ra2 56. h4 Kxd5 57. Rf4 h6 58. Kxb5 g5 59.
hxg5 hxg5 60. Rf8 Kd4 61. Kc6 Ke3 62. b5 Ra1 0-1